| 000 | 00699nam a22002417a 4500 | ||
|---|---|---|---|
| 005 | 20170124110038.0 | ||
| 010 | _aA-704151 | ||
| 020 |
_c00.00 _a8122406637 |
||
| 035 | _aA-704151 | ||
| 037 | _bCen Lib/Ret | ||
| 040 |
_aDPL _bEN |
||
| 082 |
_a346.066 _bGUL |
||
| 100 |
_aGulshan, S.S. _916056 |
||
| 245 |
_aCorporate and other laws / _cby S.S. Gulshan [and] G.K. Kapoor |
||
| 250 | _a3rd ed | ||
| 260 |
_aNew Delhi _bWiley eastern _c1994 |
||
| 270 |
_a4835/24, Ansari road Daryaganj _bNew Delhi _e110002 |
||
| 300 |
_axii,353p. _c22cm(Hb) |
||
| 650 |
_aLaw _9104 |
||
| 650 |
_aCorporate law _923184 |
||
| 700 |
_aKapoor, G.K. _91186 |
||
| 942 |
_2ddc _cEN _h346.066 _mGUL |
||
| 999 |
_c128367 _d128367 |
||